000 00882nam a22003017a 4500
001 BR7807280
003 BR-BrBNA
005 20230928085815.0
007 ta
008 230509b bl.||||| |||| 00| 0 por d
040 _aBR-BrBNA
_bpor
_cBiblioteca Nacional de Agricultura
041 _a(Por)
072 _aE15; E70; L00
_b6000
_b/G514
090 _ 6000 BR7807280
110 1 _aEmpresa de Assistencia Tecnica e Extensao Rural do Estado do Maranhao, Sao Luis (Brasil)
_94038
245 1 _aProjeto finalistico aves 1978 [Maranhao, Brasil]
260 3 _aSao Luis, MA (Brasil):
_c1978.
300 _a21 p.
500 _aNumerical data
650 _aPROJETO AGRICOLA
650 _aPRODUCAO ANIMAL
650 _aAVE DOMESTICA
650 _aCOMERCIALIZACAO
650 _aASSISTENCIA TECNICA
650 _aMARANHAO
909 _a202309
_bLucia
_c55
_dLucia Elande
942 _cBK
999 _c26443
_d26443